00559nam a2200169 i 450000100060000000300090000600500170001500700030003200800410003510000400007624500490011626000320016530000220019785200320021999900170025195201210026881097ES-MaACL20230906174353.0t|041103s1981 sp ||||1| spa d1 aHoyo, Arturo del,d1917-200496442413aEl lobo y otros cuentos / cArturo del Hoyo. aMadrid : bAguilar, c1981. a121 p. ; c19 cm. aES-MaACLjL-1279 bR.102088 c81097d81097 00104070aATENEOMbATENEOMcDEPO2d2008-01-17eSCl0oL-1279p1084776r2023-02-23 00:00:00w2023-02-23yMONOGRAFIA